000 00748nam a2200265Ia 4500
003 OSt
005 20220925230004.0
006 a|||||r|||| 00| 0
007 ta
008 220923b |||||||| |||| 00| 0 eng d
020 _a0500270880
037 _cGeneral Book
040 _aRTL
_cRTL
_beng
041 _2eng
_aeng
082 _aQ2:23, N7
100 _aMookerjee Ajit
245 0 _aTantric way
_bArt science retual
260 _aLondon
_bThames and Hudson
_c1977
300 _a208p
_ccm.
500 _aBibliography P 201-204; Glossary P196-200
650 _aHindu religian
_9293100
700 _a Khanna Madhu
_948886
942 _hQ2:23, N7
_cGB
_2CC
999 _c584491
_d584491